| 000 | 00428cam a2200181 4500 | ||
|---|---|---|---|
| 001 | D7118 | ||
| 008 | 090401t1975 xxu||||| |||| 00| 0 eng d | ||
| 035 | _a(Sirsi) u5249 | ||
| 041 | _aeng | ||
| 050 | _a333.332 | ||
| 100 | _aMillington, A.F. | ||
| 245 | 3 | _aAn introduction to property valuation | |
| 260 |
_aLondon _bEstates Gazette _c1975 |
||
| 300 | _avii. 161p. 22cm | ||
| 350 | _a4 | ||
| 942 | _n0 | ||
| 948 | _c04/03/1997 | ||
| 999 |
_c86148 _d86148 |
||